000
00283nam a2200109Ia 4500
008
220120s9999||||xx |||||||||||||| ||und||
100
_a
Puntambekar, A.A
245
0
_a
Formal language and automation
260
_a
Technical publications
_c
2008
300
_b
0
650
_a
GENERAL BOOKS
999
_c
136856
_d
136856